Najpopularniejsi raperzy w tym tygodniu . 11-17.12 - Statystyki

Ogólne statystyki
  • Ten quiz został rozwiązany 50 razy
  • Średni wynik to 7 z 15
Statystyki odpowiedzi
Wyświetlenia Raper % Poprawnych
3.85M Bedoes
86%
2.43M Mata
80%
4.15M Kizo
66%
2.42M Quebonafide
64%
2.35M Żabson
64%
3.84M Paluch
57%
9.19M Guzior
43%
5.42M Szpaku
43%
3.79M Tymek
43%
4.50M Kali
36%
3.34M Sobel
36%
4.04M Kabe
34%
2.90M Kubańczyk
23%
4.46M Słoń
20%
4.84M Major SPZ
14%
Nie znaleziono quizów pasujących do podanych kryteriów
Rozkład punktacji
Procent ludzi z każdym wynikiem
Percentyl według liczby udzielonych odpowiedzi
Twoja historia wyników
Nie rozwiązałeś tego quizu